000 00494nam a2200193Ia 4500
001 15385
003 GE_BSU
008 181216s||||||||xx |||||||||||||| ||und||
040 _cGE_BSU
080 _a821.353.1-31
245 _aმთისკაცი
245 _cრედ.ა. შონია
260 _aთბილისი
260 _bსაბჭოთა აჭარა
260 _c1985
300 _a147გვ.22სმ.
653 _aმთისკაცი
942 _cBK
999 _c48490
_d48490